000 00582nam a2200241Ia 4500
003 OSt
005 20220918192721.0
006 a|||||r|||| 00| 0
007 ta
008 220917b |||||||| |||| 00| 0 eng d
024 _a69,782
037 _cTextual
040 _aARTS
_cARTS
_beng
041 _2eng
_aeng
082 _aQ, L9
100 _aMax Muller F
_947914
245 0 _aNatural religion
260 _aNew Delhi
_bA E S
_c1979
300 _axix, 608p.
_ccm.
650 _aRELIGION
942 _hQ, L9
_cTEXL
_2CC
999 _c195912
_d195912